| 000 | 01039nam a2200301Ia 4500 | ||
|---|---|---|---|
| 003 | OSt | ||
| 005 | 20221007123611.0 | ||
| 006 | a|||||r|||| 00| 0 | ||
| 007 | ta | ||
| 008 | 221006b |||||||| |||| 00| 0 eng d | ||
| 020 |
_a8126508299 (pbk) _cRs.310.00 |
||
| 024 | _a76478 | ||
| 037 |
_b1704, 13/02/2007, Unilib Book Distributors _cTextbook |
||
| 040 |
_aPAPL _cPAPL _beng |
||
| 041 |
_2eng _aeng |
||
| 082 | _aC9B3, P1;1 Carpa | ||
| 100 |
_aLilley John S _9717118 |
||
| 245 | 0 | _aNuclear physics: principles and applications | |
| 260 |
_aNew _bDelhi John Wiley & Sons Ltd. _c2001 |
||
| 300 |
_axvi, 393p. _ccm. |
||
| 490 | _aThe Manchester physics series | ||
| 500 | _aAppendix A-G, 325-337p.; Bibliographical references 37-380p.; Bibliography 381-383p.; Index 385-393p. | ||
| 650 | _a atomic molecular | ||
| 650 |
_a Nuclear physics _9543687 |
||
| 650 | _aPhysics | ||
| 942 |
_hC9B3, P1;1 Carpa _cTB _2CC |
||
| 999 |
_c1212173 _d1212173 |
||